<?xml version="1.0" encoding="UTF-8"?>
<record
    xmlns:xsi="http://www.w3.org/2001/XMLSchema-instance"
    xsi:schemaLocation="http://www.loc.gov/MARC21/slim http://www.loc.gov/standards/marcxml/schema/MARC21slim.xsd"
    xmlns="http://www.loc.gov/MARC21/slim">

  <leader>01497nam a2200289 a 4500</leader>
  <controlfield tag="001">BRCA_9143</controlfield>
  <controlfield tag="003">FranzMayer</controlfield>
  <controlfield tag="005">20220928145630.0</controlfield>
  <controlfield tag="008">030518s2017----mx-a######---#000-0#spa-#</controlfield>
  <datafield tag="020" ind1=" " ind2=" ">
    <subfield code="a">9786070739842</subfield>
  </datafield>
  <datafield tag="040" ind1=" " ind2=" ">
    <subfield code="b">spa</subfield>
    <subfield code="c">MFM</subfield>
  </datafield>
  <datafield tag="041" ind1=" " ind2=" ">
    <subfield code="a">spa</subfield>
    <subfield code="h">eng</subfield>
  </datafield>
  <datafield tag="044" ind1=" " ind2=" ">
    <subfield code="a">mx</subfield>
  </datafield>
  <datafield tag="050" ind1=" " ind2="4">
    <subfield code="a">NK4340</subfield>
    <subfield code="b">.P57 2017</subfield>
  </datafield>
  <datafield tag="100" ind1="1" ind2=" ">
    <subfield code="a">Pirouz-Moussavi, Farzaneh</subfield>
    <subfield code="9">10451</subfield>
  </datafield>
  <datafield tag="245" ind1="1" ind2="0">
    <subfield code="a">Cer&#xE1;mica entre dos mares : </subfield>
    <subfield code="b">de Bagdad a la talavera de Puebla = Clay Between two seas : from Baghdad to the Talavera of Puebla</subfield>
    <subfield code="c">Farzaneh Pirouz-Moussavi ; traducci&#xF3;n Rondi Frankel.</subfield>
  </datafield>
  <datafield tag="260" ind1=" " ind2=" ">
    <subfield code="a">M&#xE9;xico</subfield>
    <subfield code="b">Planeta Mexicana</subfield>
    <subfield code="c">2017</subfield>
  </datafield>
  <datafield tag="300" ind1=" " ind2=" ">
    <subfield code="a">203 p.</subfield>
    <subfield code="b">il. a color</subfield>
    <subfield code="c">32 cm.</subfield>
  </datafield>
  <datafield tag="500" ind1=" " ind2=" ">
    <subfield code="a">Este libro de referencia fue fundamental en la realizaci&#xF3;n de las siguientes exposiciones : &#xB4;Talavera Poblana. Pasado y Presente&#xB4; Museo Franz Mayer. Ciudad de M&#xE9;xico, mayo a julio de 2016. &#xB4;Cer&#xE1;mica entre dos mares. De la Corte Abas&#xED; a la Talavera de Puebla de los &#xC1;ngeles&#xB4; Crow Collection of Asian Art, Dallas, Texas, septiembre de 2016 a febrero de 2017. &#xB4;Cer&#xE1;mica entre dos mares. De Bagdad a la Talavera de Puebla&#xB4; Museo Internacional del Barroco. Puebla, abril a agosto de 2017</subfield>
  </datafield>
  <datafield tag="504" ind1=" " ind2=" ">
    <subfield code="a">Incluye referencias bibliogr&#xE1;ficas</subfield>
  </datafield>
  <datafield tag="546" ind1=" " ind2=" ">
    <subfield code="a">Texto en : espa&#xF1;ol e ingl&#xE9;s</subfield>
  </datafield>
  <datafield tag="650" ind1="1" ind2="4">
    <subfield code="a">Cer&#xE1;mica</subfield>
    <subfield code="z">Puebla, M&#xE9;xico</subfield>
    <subfield code="9">11689</subfield>
  </datafield>
  <datafield tag="650" ind1="1" ind2="4">
    <subfield code="a">Talavera poblana</subfield>
    <subfield code="9">1700</subfield>
  </datafield>
  <datafield tag="700" ind1="1" ind2=" ">
    <subfield code="a">Frankel, Rondi</subfield>
    <subfield code="e">tr.</subfield>
    <subfield code="9">22536</subfield>
  </datafield>
  <datafield tag="740" ind1="0" ind2=" ">
    <subfield code="a">Clay Between two seas : from Baghdad to the Talavera of Puebla</subfield>
  </datafield>
  <datafield tag="942" ind1=" " ind2=" ">
    <subfield code="2">lcc</subfield>
    <subfield code="c">B</subfield>
  </datafield>
  <datafield tag="999" ind1=" " ind2=" ">
    <subfield code="c">8790</subfield>
    <subfield code="d">8790</subfield>
  </datafield>
  <datafield tag="952" ind1=" " ind2=" ">
    <subfield code="0">0</subfield>
    <subfield code="1">0</subfield>
    <subfield code="4">0</subfield>
    <subfield code="7">0</subfield>
    <subfield code="a">BRCA</subfield>
    <subfield code="b">BRCA</subfield>
    <subfield code="d">2018-05-03</subfield>
    <subfield code="l">0</subfield>
    <subfield code="o">NK4340 .P57 2017</subfield>
    <subfield code="p">02975</subfield>
    <subfield code="r">2019-03-22 00:00:00</subfield>
    <subfield code="w">2019-03-22</subfield>
    <subfield code="y">B</subfield>
  </datafield>
  <datafield tag="952" ind1=" " ind2=" ">
    <subfield code="0">0</subfield>
    <subfield code="1">0</subfield>
    <subfield code="2">lcc</subfield>
    <subfield code="4">0</subfield>
    <subfield code="7">0</subfield>
    <subfield code="a">BRCA</subfield>
    <subfield code="b">BRCA</subfield>
    <subfield code="d">2022-09-28</subfield>
    <subfield code="l">0</subfield>
    <subfield code="o">NK4340 .P57 2017</subfield>
    <subfield code="p">CONT10028</subfield>
    <subfield code="r">2022-09-28 00:00:00</subfield>
    <subfield code="w">2022-09-28</subfield>
    <subfield code="y">B</subfield>
  </datafield>
</record>
